|
|
|
|
| LEADER |
00000nab a2200000 ar4500 |
| 001 |
vtls010495966 |
| 003 |
SK-MaSNL |
| 005 |
20260303162118.0 |
| 008 |
130308c2012 xo wr|p|||||||000 b|slo |
| 038 |
|
|
|a PPPK
|
| 040 |
|
|
|a PPPKCL
|b slo
|c PPPKCL
|e AACR2
|
| 041 |
0 |
|
|a slo
|
| 044 |
|
|
|a xo
|c SK
|
| 080 |
|
|
|a 7.041.5
|2 2001
|
| 245 |
0 |
0 |
|a Poézia ľudskej duše od Vojtecha Rušina
|c [text a foto] (mna)
|
| 300 |
|
|
|b Fotogr.
|
| 600 |
1 |
7 |
|a Rušin, Vojtech,
|d 1942-
|t Poézia ľudskej duše
|2 pppkcl
|9 1185341
|
| 610 |
2 |
7 |
|a Teniscentrum (Tatranská Lomnica, Slovensko)
|2 pppkcl
|9 1082850
|
| 648 |
|
7 |
|a 27.10.2012
|2 pppkcl
|9 1185342
|
| 650 |
0 |
7 |
|a portréty
|2 pppkcl
|9 2975
|
| 650 |
0 |
7 |
|a fotografické publikácie
|2 pppkcl
|9 304970
|
| 650 |
0 |
7 |
|a krst knihy
|2 pppkcl
|9 31280
|
| 650 |
0 |
7 |
|a osobnosti
|2 pppkcl
|9 29820
|
| 651 |
|
7 |
|a Spišské Hanušovce (Slovensko)
|2 pppkcl
|9 28522
|
| 651 |
|
7 |
|a Tatranská Lomnica (Vysoké Tatry, Slovensko)
|2 SNKPHgeo
|9 160914
|
| 773 |
0 |
|
|t Podtatranské noviny
|g Roč. LIII, č. 44 (2012), s. 4
|x 1210-2423
|
| 852 |
|
|
|a PPPK
|b KIS3GCP
|
| 999 |
|
|
|c 2052266
|d 2054196
|